Komplexnosť a integrácia procesu rozvíjania kompetencií dieťaťa v školách a školských zariadeniach

Bibliographic Details
Main Author: Novotná, Erika (pedagogička) (Author)
Format: Article
Language:Slovak
PhysicalDescription:Tabuľky
ISBN:9788055506647
Subjects:
Online Access://www.unipo.sk/public/media/20164/komplexnost-a-integrita.pdf

MARC

LEADER 00000nab a2200000 4500
001 vtls012056578
003 SK-MaSNL
005 20260303210756.0
008 210601|2012 xo |||| ||an ||00 0|slo
015 |a SNBRB2021/06 
040 |a SPKCL  |b slo  |e rda 
041 |a slo  |b slo  |b eng 
044 |a xo  |c SK 
072 7 |a 796  |x Šport. Hra. Telesné cvičenia  |2 konspekt 
080 |a 379.8  |2 2011 
100 1 |a Novotná, Erika  |c (pedagogička)  |4 aut  |9 176508 
245 1 0 |a Komplexnosť a integrácia procesu rozvíjania kompetencií dieťaťa v školách a školských zariadeniach  |c Erika Novotná 
300 |b Tabuľky 
336 |a text  |b txt  |2 rdacontent 
337 |a bez média  |b n  |2 rdamedia 
338 |a zväzok  |b nc  |2 rdacarrier 
504 |a Obsahuje bibliografiu 
546 |a Anglické a slovenské resumé 
650 0 7 |a voľný čas  |2 SNKPH  |9 3355 
650 0 7 |a primárne vzdelávanie  |2 SNKPH  |9 182208 
650 0 7 |a školské kluby detí  |2 SNKPH  |9 71294 
650 0 7 |a školské zariadenia  |2 snkbucl  |9 265519 
650 0 7 |a kompetencie  |2 snkbucl  |9 506123 
655 7 |a BZB  |2 SNKPH  |9 1080216 
773 0 |t Komplexnosť a integrita v predprimárnej, primárnej a špeciálnej edukácii : zborník príspevkov z vedeckej konferencie s medzinárodnou účasťou organizovanej Pedagogickou fakultou PU pri príležitosti 15. výročia založenia Prešovskej univerzity v Prešove  |d Prešov : Prešovská univerzita, 2012  |g S. 170-173  |h online  |z 9788055506647 
856 4 1 |u //www.unipo.sk/public/media/20164/komplexnost-a-integrita.pdf 
958 |a NB 
999 |c 2201619  |d 2203549